Mercedes Carbó : una mujer en el Salón Dorado / Gómez Catón una mujer en el Salón Dorado / Gómez Catón
Publicado:
San Jorge, núm. 94 (2n, 3r i 4t trimestre 1974), pàg 16 - 22 :
Materias:
Carbó, Mercedes -- Intervius
MARC
| LEADER | 00000nam a2200000Ia 4500 | ||
|---|---|---|---|
| 001 | |||
| 008 | 160829s9999 xx 000 0 cat d | ||
| 100 | |a Gómez Catón, Fernando |9 29715 | ||
| 245 | |a Mercedes Carbó : |b una mujer en el Salón Dorado / Gómez Catón | ||
| 260 | |a San Jorge, núm. 94 (2n, 3r i 4t trimestre 1974), pàg 16 - 22 | ||
| 590 | |a Conté 10 fotografies | ||
| 650 | |a Carbó, Mercedes |x Intervius |9 41640 | ||
| 901 | |a Arxiu | ||
| 942 | |n 1 | ||
| 952 | |0 0 |1 0 |4 0 |7 1 |9 50347 |a Arxiu |b Arxiu |d 2016-12-01 |l 0 |r 2016-12-01 00:00:00 |w 2016-12-01 |y ARXIU | ||
| 999 | |c 54189 |d 54189 | ||